British Sports Stars By Surname - The Letter O (Photo Quiz) - Statistics

General Stats
  • This quiz has been taken 33 times
    8 since last reset
  • The average score is 6 of 13
Answer Stats
Picture Hint Answer % Correct
Born 1979 Football Michael Owen
100%
Born 1975 Snooker Ronnie O'Sullivan
100%
Born 1965 Rugby League/Union Martin Offiah
88%
Born 1955 Athletics Steve Ovett
75%
1947-2006 Football Peter Osgood
63%
Born 1984 Athletics (Please give first name and first two letters of surname) Christine Ohuruogu
50%
Born 1982 Cricket Graham Onions
50%
Born 1948 Cricket Chris Old
38%
1948-2024 Golf Peter Oosterhuis
25%
Born 1991 Athletics (& American Football) Lawrence Okoye
13%
Born 2002 Cycling Oscar Onley
13%
Born 1987 Athletics (Maiden name) Tiffany Ofili-Porter
13%
Born 1964 Speed Skating Wilf O'Reilly
13%
No matching quizzes found
Score Distribution
Percent of People with Each Score
Percentile by Number Answered
Your Score History
You have not taken this quiz since the last reset